| 000 | 01010nam a2200301 a 4500 | ||
|---|---|---|---|
| 003 | BLK | ||
| 005 | 20250113150654.0 | ||
| 007 | ta | ||
| 008 | 241105b bu |||||r|||| 00| | bu d | ||
| 020 | _a9781292346939 | ||
| 040 | _aBLK | ||
| 041 |
_aENG _cENG |
||
| 080 |
_9226879 _aАнглийски език _b811.111 _x(048.6) _z811.111(048.6) |
||
| 084 | _aG 24 | ||
| 100 |
_9495909 _aGasper, Vessela |
||
| 245 |
_aRalph breaks the internet _bA2-B1 _cVessela Gasper |
||
| 260 |
_aHarlow _9209830 _bPearson Education _c2021 |
||
| 300 |
_a21 p. _bill. _c23 cm |
||
| 380 | _aDN | ||
| 490 |
_aPearson English Kids readers _vLevel 6 _9495900 |
||
| 490 |
_9206212 _aDisney |
||
| 650 | 0 |
_9337534 _aАнглийски език - за деца - адаптирани книги |
|
| 653 |
_9180438 _aадаптирани книги |
||
| 852 |
_aДН 811.111(048.6)/G 24 V _bД |
||
| 856 |
_i0.00 _ldisable |
||
| 942 |
_cKNG _n0 _01 |
||
| 944 |
_cГеновева Генчева _k30570 _lМоника Янева |
||
| 999 |
_c521174 _d521174 |
||